Statistics for Name the genre

Click here to take the quiz!

General Stats

  • This quiz has been taken 35 times
  • The average score is 9 of 16

Answer Stats

HintAnswer% Correct
Sex Pistols, Ramones, The ClashPunk Rock
100%
Nirvana, Soundgarden, Pearl Jam, Alice in Chains, Mudhoney, HoleGrunge
94%
Oasis, Blur, Pulp, Suede, Supergrass, ElasticaBritpop
78%
Morbid Angel, Deicide, At the Gates, Suffocation, Cannibal Corpse, ObituaryDeath Metal
78%
Mayhem, Emperor, Immortal, Darkthrone, GorgorothBlack Metal
61%
Joy Division, Gang of Four, Killing Joke, Public Image Ltd., Mission of Burma, The Pop Group, The FallPost-Punk
61%
Metallica, Slayer, Exodus, Anthrax, Sodom, KreatorThrash Metal
56%
Sunny Day Real Estate, Cap'n Jazz, Jimmy Eat World, Rites of SpringEmo
50%
David Bowie, T. Rex, Slade, Roxy Music, New York DollsGlam Rock
50%
Black Flag, Minor Threat, Bad BrainsHardcore Punk
50%
My Bloody Valentine, Ride, SlowdiveShoegaze
50%
Bauhaus, Sisters of Mercy, Alien Sex FiendGoth
44%
Madness, The Specials, No Doubt, Toots & The MaytalsSka
33%
The White Stripes, The Hives, The Vines, The Strokes, The Libertines, Yeah Yeah Yeahs, Arctic MonkeysGarage Rock Revival
28%
Einstürzende Neubauten, Throbbing Gristle, Cabaret Voltaire, Front Line Assembly, Skinny PuppyIndustrial
28%
Blind Guardian, HammerFall, Rhapsody of Fire, Helloween, Symphony XPower Metal
28%

Score Distribution

Percentile by Number Answered

Percent of People with Each Score

Your Score History

You have not taken this quiz